La meta: un proceso de mejora continua

Збережено в:
Бібліографічні деталі
Автори: Goldratt, Eliyahu M (Автор), Cox, Jeff (Автор)
Формат: Книга
Мова:Іспанська
Опубліковано: Madrid Díaz de Santos 2005
Редагування:3a. ed
Предмети:
Теги: Додати тег
Немає тегів, Будьте першим, хто поставить тег для цього запису!

MARC

LEADER 00000nam a2200000 a 4500
001 UCI4505
003 CL-VaPUC
008 080118e20050000SP |||||||||||||||||spa|d
020 |a 847978718X 
082 0 4 |a 658.5  |b GOL  |2 21 
100 |a Goldratt, Eliyahu M  |e author  |9 600522 
700 0 |a Cox, Jeff  |e author  |9 526453 
245 1 3 |a La meta: un proceso de mejora continua 
250 |a 3a. ed 
300 |a 402 p 
942 |c BK 
945 |d 20080118 00:00:00  |a jtorresc 
260 |a Madrid  |b Díaz de Santos  |c 2005 
650 0 |a Gestión de la producción   |9 259467 
650 0 |a Control de calidad   |9 259714 
650 0 |a Producción  |x Planificación  |9 260672 
650 7 |a MANUFACTURAS ADMINISTRACION  |2 CL-VaPUC  |9 306208 
650 0 |a Productividad en el trabajo   |9 526454 
650 0 |a Administración industrial   |9 259466 
583 |a last modification  |c 20080118 00:00:00  |k Rodrigo Vera 
999 |c 328435  |d 328433 
952 |0 0  |1 0  |4 0  |6 658_500000000000000_GOL_2005  |7 0  |8 R  |9 412349  |a BIBENE  |b BIBENE  |d 2019-11-22  |i 4403762  |l 3  |o 658.5 GOL 2005  |p 4403762  |r 2025-01-15  |s 2022-08-17  |w 2019-11-22  |y BK_R  |k ICO 
952 |0 0  |1 0  |2 ddc  |4 0  |6 658_500000000000000_GOL_2005  |7 0  |8 A  |9 412350  |a BIBING  |b BIBING  |c RES  |d 2019-11-22  |i 443336K  |l 7  |m 1  |o 658.5 GOL 2005  |p 443336K  |r 2025-01-20  |s 2023-09-04  |w 2019-11-22  |y BK  |k TRA